Cultivo moderno del champiñon /

Guardado en:
Autor Principal: Vedder, P. J. C.
Formato: Libro
Publicado: Madrid : Mundi-prensa, 1996
Materias:
Etiquetas: Agregar Etiqueta
Sin Etiquetas, Sea el primero en etiquetar este registro!
LEADER 00904nam a22001815a 4500
001 CEM.cems017522
005 20110509075321.0
008 130507s1996##################000#0#####d
003 CEMS
020 |a 8471140748 
082 0 4 |a 635.8 
100 1 |a Vedder, P. J. C. 
245 1 0 |a Cultivo moderno del champiñon /  |c P. J. C. Vedder 
260 |a Madrid :  |b Mundi-prensa,  |c 1996 
300 |a 369 p. 
505 0 |a Historia del cultivo del champiñon -- Algunas nociones de física -- Situación del champiñon en el reino vegetal -- Consideraciones económicas -- Construcción e instalación de una champiñonera -- Estiércol y compostaje -- El blanco y la siembra -- Tierra de cobertura y cobertura -- Cosecha y cuidados del cultivo -- Enfermedades, anomalías y parásitos animales -- Conservación y transformación 
653 |a Champiñon-cultivo 
859 |a CEMS  |b BIB. CEMS - Agricultura  |h 635.8  |i V415  |p A1334.11  |t Ej.1